000 00394nam a2200133Ia 4500
008 100328s9999 xx 000 0 und d
082 _b74497
100 _aकेतकर शिल्पा.
245 _aआजच विज्ञान.
260 _bनवचैतन्य.
630 _aआजच विज्ञान.
730 _aआजच विज्ञान.
942 _cBOOK
999 _c560218
_d560215